| 000 | 00924 a2200205 4500 | ||
|---|---|---|---|
| 003 | NUST | ||
| 005 | 20221118143925.0 | ||
| 010 | _a 75022236 | ||
| 020 | _a0136950728 | ||
| 040 | _cNust | ||
| 082 | 0 | 0 | _a512.16,BEN |
| 100 | 1 |
_aBenice, Daniel D. _9103074 |
|
| 245 | 1 | 0 |
_aPrecalculus algebra and trigonometry / _cDaniel D. Benice. |
| 260 |
_aEnglewood Cliffs, N.J. : _bPrentice-Hall, _cc1976. |
||
| 300 |
_axiii, 365 p. : _bill. ; _c24 cm. |
||
| 505 | _aReal And Complex Numbers (Page-1), Relations And Functions (Page-50), Exponential And Logarithms Functions (Page-90), Trigonometry (Page-110), Polynomial Functions (Page-185), Coordinate Geometry (Page-200), Systems Of Equations (Page-235), Sequences, Induction And Iteration (Page-274), Permutations, Combinations And Probability (Page-292), About Calculus (Page-316). | ||
| 650 | 0 |
_aAlgebra. _98509 |
|
| 650 | 0 |
_aTrigonometry. _939136 |
|
| 942 |
_2ddc _cBK _k515.16,BEN |
||
| 999 |
_c180718 _d180718 |
||